| 000 | 00987nam a2200265Ia 4500 | ||
|---|---|---|---|
| 003 | OSt | ||
| 005 | 20220923211407.0 | ||
| 006 | a|||||r|||| 00| 0 | ||
| 007 | ta | ||
| 008 | 220922b |||||||| |||| 00| 0 hin d | ||
| 020 |
_a9788189997069 (hbk) _c695 |
||
| 024 | _a274,014 | ||
| 037 |
_b23059, 16/08/2013, Kitab Ghar _cTextual |
||
| 040 |
_aARTS _cARTS _bhin |
||
| 041 |
_2hin _ahin |
||
| 082 | _a4(Y:45:61).2, 152P8 | ||
| 100 | _aहंसराज, सुमन, संपा. | ||
| 245 | 0 |
_aस्ंिटग ऑपरेशन _b सच का आईना |
|
| 246 | _aSaniṭag ऑpareshana: sach kā āīnā | ||
| 260 |
_aदिल्ली _b श्री नटराज प्रकाशन _c2008 |
||
| 300 |
_a448पृ. _ccm. |
||
| 650 | _aहिन्दी पत्रकारिता | ||
| 942 |
_h4(Y:45:61).2, 152P8 _cTEXL _2CC |
||
| 999 |
_c299072 _d299072 |
||